Digital estimation of GPS synchronization in real time.

Bibliographic Details
Main Author: Swasdee, Manot
Other Authors: Bryant, J. D. (degree comittee member.), Rhyne, V. T. (degree comittee member.)
Format: Thesis Book
Language:English
Published: 1981.
Subjects:
Online Access:Link to OAKTrust Copy
Link to ProQuest Copy

MARC

Tag First Indicator Second Indicator Subfields
LEADER 00000ctm a2200000Ia 4500
001 in00000088540
005 20190325090757.0
008 820730s1981 xx a bm 000 0 eng d
035 |a (OCoLC)ocm08646302 
035 |a (OCoLC)08646302 
035 |9 AAK5380AM 
040 |a TXA  |b eng  |c TXA  |d OCLCQ  |d OCLCF  |d OCLCO  |d OCLCQ  |d TXA 
035 |a (OCoLC)8646302 
049 |a TXAM 
099 |a 1981  |a Dissertation  |a S973 
100 1 |a Swasdee, Manot. 
245 1 0 |a Digital estimation of GPS synchronization in real time. 
264 1 |c 1981. 
300 |a x, 98 leaves :  |b illustrations ;  |c 29 cm 
336 |a text  |b txt  |2 rdacontent 
337 |a unmediated  |b n  |2 rdamedia 
338 |a volume  |b nc  |2 rdacarrier 
500 |a Typescript (photocopy). 
502 |b Ph. D. in Philosophy  |c Texas A & M University  |d 1981 
500 |a Vita. 
504 |a Includes bibliographical references (leaves 83-84). 
500 |a "Major subject: Electrical Engineering." 
520 3 |a A digital estimation of Global Positioning System (GPS) Clear Access (C/A) code synchronization in real time was developed and simulated on the digital computer. The Pseudo-Noise (PN) ranging by correlation technique is used to measure the distances from the user's equipment to GPS satellites. The data from the Inphase-Quadrature (I-Q) detector is used to calculate the early-late likelihood ratios. The differences between the early-late likelihood ratios yield the tracking error signal which was used to calculate the code synchronizations. A digital processor was used to read the data from the I-Q Squared detector using an 8-bit successive approximation analog-to-digital converter. The dwell time between data sample read was one millisecond. The early-late likelihood ratios computed by the digital processor which also controlled the PN code sweeping across the uncertainty range yielded the tracking error signal. The code synchronization was estimated from the tracking error signal by computing the centers of gravity of the positive and the negative lobes, and the average of these two centers of gravity was the estimated code synchronization. The results of this digital estimator simulation showed that the estimator biased toward the center of the uncertainty range. At a signal-to-noise ratio of 25, the estimated code errors were -0.41, -0.15, -0.22, -0.12, 0.02, 0.09, 0.20, 0.27 and 0.39 chips for the received code delay of 1.0, 1.5, 2.0, 2.5, 3.0, 3.5, 4.0, 4.5 and 5.0 chips respectively. The 3 chip delay is the center of the 6 chip wide uncertainty range. The simulation of the other signal-to-noise ratios were also performed and their results were tabulated. This phase-incoherent technique for estimating PN code synchronization appears very promising. Further research for refinement of the estimator design is indicated. 
650 0 |a Space vehicles  |x Tracking. 
650 0 |a Artificial satellites  |x Tracking. 
650 0 |a Range-finding. 
650 0 |a Astrionics. 
650 0 |a Real-time data processing. 
650 4 |a Electrical Engineering 
655 7 |a Academic theses  |2 lcgft 
700 1 |a Noe, P. S.,  |e degree supervisor. 
700 1 |a Painter, John H.,  |e degree supervisor. 
700 1 |a Bryant, J. D.,  |e degree comittee member. 
700 1 |a Rhyne, V. T.,  |e degree comittee member. 
710 2 |a Texas A & M University,  |e degree granting institution. 
856 4 1 |u http://hdl.handle.net/1969.1/Dissertations-98870  |z Link to OAKTrust Copy  |t 0 
856 4 1 |u http://proxy.library.tamu.edu/login?url=http://proquest.umi.com/pqdweb?did=749780161&sid=1&Fmt=2&clientId=2945&RQT=309&VName=PQD  |z Link to ProQuest Copy  |t 0 
994 |a C0  |b TXA 
999 f f |s 261fd6b4-b76c-3f33-813d-82f889030f2d  |i e6230756-2dca-31b8-b808-fb7a01856ead  |t 0 
952 f f |p noncirc  |a Texas A&M University  |b J.J. Pickle Campus  |c High Density Repository  |s HDR  |d Remote Storage  |t 0  |e 1981 Dissertation S973  |h Other scheme  |i unmediated -- volume  |m A14841004450 
952 f f |a Texas A&M University  |b College Station  |c Electronic Resources  |s www_evans  |d Available Online  |t 0  |e 1981 Dissertation S973  |h Other scheme 
998 f f |a 1981 Dissertation S973  |t 0  |l Remote Storage 
998 f f |a 1981 Dissertation S973  |t 0  |l Available Online